Central Library OPAC University of Rajshahi

Documents illustrative of the Continental Reformation / (Record no. 25970)

MARC details
000 -LEADER
fixed length control field 01081nam a2200289 i 4500
001 - CONTROL NUMBER
control field 25970
003 - CONTROL NUMBER IDENTIFIER
rucl marc code BD-RjUL
005 - DATE AND TIME OF LATEST TRANSACTION
control field 20211209050943.0
008 - FIXED-LENGTH DATA ELEMENTS--GENERAL INFORMATION
fixed length control field 140319s1911 enk b 001 0 eng d
035 ## - SYSTEM CONTROL NUMBER
System control number (BD-RjUL)26040
-- (OCoLC)1149456
040 ## - CATALOGING SOURCE
Original cataloging agency ABN:1
Language of cataloging eng
Description conventions rda
Transcribing agency ABN:1
Modifying agency ABN:1
-- ANL
-- BD-RjUL
041 0# - LANGUAGE CODE
Language code of text/sound track or separate title eng
-- lat
-- fre
082 04 - DEWEY DECIMAL CLASSIFICATION NUMBER
Classification number 270.608
Edition number 20
Author mark and year DOC 1911
245 00 - TITLE STATEMENT
Title Documents illustrative of the Continental Reformation /
Statement of responsibility, etc. edited by B.J. Kidd.
260 ## - PUBLICATION, DISTRIBUTION, ETC. (IMPRINT)
Place of publication, distribution, etc. Oxford :
Name of publisher, distributor, etc. Clarendon Press,
Date of publication, distribution, etc. 1911.
300 ## - PHYSICAL DESCRIPTION
Pagination xix, 742 pages ;
Size 20 cm.
504 ## - BIBLIOGRAPHY, ETC. NOTE
Bibliography, etc Includes bibliographical references and index.
650 #0 - SUBJECT ADDED ENTRY--TOPICAL TERM
Topical term or geographic name as entry element Reformation
General subdivision Sources.
9 (RLIN) 79803
Topical term or geographic name as entry element Reformation.
9 (RLIN) 79804
Topical term or geographic name as entry element Reformation.
Source of heading or term swd
9 (RLIN) 79805
Topical term or geographic name as entry element Reformation.
Source of heading or term fast
9 (RLIN) 79806
700 1# - ADDED ENTRY--PERSONAL NAME
Personal name Kidd, B. J.
Fuller form of name (Beresford James),
Dates associated with a name 1863-1948,
Relator term editor.
776 08 - ADDITIONAL PHYSICAL FORM ENTRY
Relationship information Online version
Main entry heading Kidd, B. J. (Beresford James), 1863-1948.
Title Documents illustrative of the Continental Reformation.
Place, publisher, and date of publication Oxford, Clarendon Press, 1911
942 ## - ADDED ENTRY ELEMENTS (KOHA)
Source of classification or shelving scheme Dewey Decimal Classification
Koha item type Books
Holdings
Lost status Source of classification or shelving scheme Damaged status Not for loan Collection code Permanent Location Current Location Shelving location Date acquired Source of acquisition Cost, normal purchase price Total Checkouts Full call number Date last seen Copy number Koha item type
  Dewey Decimal Classification   Added to bundle Non-fiction Central Library, University of Rajshahi Central Library, University of Rajshahi Reading Room 22/06/1955 O. U. P. 10.20   270.608 DOC 1911 19/03/2014 C-1 Books